Memòria de les colònies escolars : any 1932 any 1932
Descripción Física:
52 p. : fot. ; 25 cm
Otros Autores:
Manresa. Comissió de Cultura
Materias:
Colònies de vacances -- Manresa
MARC
| LEADER | 00000nam a2200000Ia 4500 | ||
|---|---|---|---|
| 001 | 21440 | ||
| 008 | 160829s1932 xx 000 0 cat d | ||
| 080 | |a E-1-330 | ||
| 245 | |a Memòria de les colònies escolars : |b any 1932 | ||
| 260 | |a Manresa : |b Ajuntament de Manresa. Comissió de Cultura, |c 1932 | ||
| 300 | |a 52 p. : |b fot. ; |c 25 cm | ||
| 590 | |a Títol extret de la coberta. | ||
| 590 | |a Prové de 4173, exp. 327 | ||
| 650 | |a Colònies de vacances |x Manresa |9 47710 | ||
| 700 | |a Manresa. Comissió de Cultura |9 47711 | ||
| 901 | |a Arxiu | ||
| 942 | |n 1 | ||
| 952 | |0 0 |1 0 |4 0 |6 E1330 |7 1 |9 54051 |a Arxiu |b Arxiu |d 2016-12-01 |l 0 |o E-1-330 |p 21440 |r 2016-12-01 00:00:00 |w 2016-12-01 |y ARXIU | ||
| 999 | |c 57919 |d 57919 | ||